| 000 | 00865cam a2200277 a 4500 | ||
|---|---|---|---|
| 001 | 17285631 | ||
| 005 | 20201128021236.0 | ||
| 008 | 120504t2013 at a frd 001 0 eng d | ||
| 020 | _a9781111545680 | ||
| 020 | _a1111545685 | ||
| 040 |
_aDLC _beng _cDLC _dEG-ScBUE |
||
| 082 | 0 | 4 |
_a004.6 _bPAL _222 |
| 100 | 1 |
_aPalmer, Michael. _937943 |
|
| 245 | 1 | 0 |
_aHands-on networking fundamentals / _cMichael Palmer. |
| 250 | _a2nd Ed., International ed. | ||
| 260 |
_aCanberra : _bCourse Technology / Cengage Learning, _cc.2013. |
||
| 300 |
_axxii, 663 : _bill. (col.) ; _c28 cm. |
||
| 500 | _aIndex : p. 657-663. | ||
| 500 | _aGlossary : p. 637-655. | ||
| 650 | 7 |
_aComputer networks. _2BUEsh _91660 |
|
| 650 | 7 |
_aComputer network protocols. _2BUEsh _917749 |
|
| 651 | _2BUEsh | ||
| 653 |
_bCOMSCI _cMay2015 |
||
| 655 |
_vreading book _934232 |
||
| 942 |
_2ddc _k004.6 PAL |
||
| 999 |
_c19275 _d19247 |
||